Statistics for Musician To Instrument

Click here to take the quiz!

General Stats

  • This quiz has been taken 17 times
  • The average score is 10 of 15

Answer Stats

MusicianInstrument% Correct
Jimmy PageGuitar
100%
Paul MccartneyBass
94%
Carl PalmerDrums
94%
Oscar PetersonPiano
94%
Jon LordKeyboard/Organ
88%
Miles DavisTrumpet
88%
Charlie ParkerAlto Sax
82%
Ian AndersonFlute
76%
Benny GoodmanClarinet
71%
Glenn MillerTrombone
59%
Stephane GrappelliViolin
59%
Earl ScruggsBanjo
47%
Sonny Boy Williamson IIHarmonica
35%
Ronnie james DioVocals
29%
Lionel HamptonVibraphone
18%

Score Distribution

Percentile by Number Answered

Percent of People with Each Score

Your Score History

You have not taken this quiz